1058 1068 1111 1712 1547 1862 1754 1124 1338 1588 1573 1541 1886 1255 1062 1561 1070 1339 1907 1907 1704 1015 1785 1399 1405 1601 1890 1056 1446 1179 1844 1629 1368 1096 1018 1728 1771 1179 1885 1678 1566 1268 1420 1231 1637 1373 1150 1395 1971 1793 1495 1711 1264 1820 1470 1439 1775 1492 1032 1060 1132 1150 1436 1801 1037 1395 1115 1797 1997 1529 1113 1503 1676 1082 1717 1379 1577 1132 1075 1420 1528 1645 1922 1022 1058 1384 1520 1060 1882 1905 1286 1447 1813 1877 1512 1000 1110 1683 1087 BCNSPRNW ULIB Ver.6.0+V

เปลี่ยนเป็นภาษาไทย

Change to English
 แสดงรายละเอียดบรรณานุกรม
  กลับหน้าหลัก

Brief Record : Get Marc (ISO 2709) : E-mail record : QR code < ปิดหน้าต่าง
LEADER : 00000nam 2200000uu 4500
001    13399128883
003     ULIB
008    241024s2023||||th 000 0 tha d
020    ^a9780323881401
060 04 ^aQV4^bL742P
100 1  ^aLinda E. McCuistion
245 00 ^aPharmacology :^ba patient-centered nursing processapproach /^cKathleen Vuljoin DiMaggio
250    ^a11th ed.
260    ^aSt. Louis :^bElsevier Saunders,^c2023
300    ^axv, 810 p. :^bcol. ill. ;^c28 cm.
650  2 ^aPharmacological Phenomena^vNurses Instruction
650  2 ^aDrug Therapy^vNurses Instruction
650  2 ^aPatient-Centered Care^vNurses Instruction
650  2 ^aPharmaceutical Preparations^vNurses Instruction
700 1  ^aathleen Vuljoin DiMaggio
945    ^p3519^l0^i011130
999    ^aประนอม เกษจรัล
รายการนี้ยังไม่มีแท็ก
คุณยังไม่ได้ล็อกอิน คุณสามารถมีกิจกรรมร่วมกับเว็บไซต์ได้ แต่ต้องล็อกอินก่อน ::
  ล็อกอิน

รายการสื่อสารสนเทศ

ลำดับที่ ประเภท เลขเรียก/บาร์โค้ด สถานที่ สถานะ
1. วิทยาศาสตร์การแพทย์ และสุขภาพ
หนังสือสำรอง
สถานะ=หนังสือสำรอง
QV4 L742P ฉ.1 
  Barcode: 011130
ห้องสมุดวิทยาเขตสวรรค์ประชารักษ์
►หนังสือทั่วไป
บนชั้น

รายการใกล้เคียง
    ผู้แต่ง [Linda E. McCuistion]

BibComment


ยังไม่เคยถูกคอมเมนท์

คอมเมนท์ทรัพยากรรายการนี้
  คอมเมนท์: Pharmacology a ..


 Copyright 2026. Bcnsprnw @Library